Eastern Utah Libraries Catalog: Duchesne, Heber, Roosevelt, & Vernal

The striker / (Record no. 413463)

MARC details
000 -LEADER
fixed length control field 02737nam a2200409 i 4500
001 - CONTROL NUMBER
control field 3465703
005 - DATE AND TIME OF LATEST TRANSACTION
control field 20251110172300.0
008 - FIXED-LENGTH DATA ELEMENTS--GENERAL INFORMATION
fixed length control field 241015s2024 ilu 000 1 eng d
020 ## - INTERNATIONAL STANDARD BOOK NUMBER
International Standard Book Number 9781464223327 :
Terms of availability $18.99
020 ## - INTERNATIONAL STANDARD BOOK NUMBER
International Standard Book Number 1464223327 :
Terms of availability $18.99
035 ## - SYSTEM CONTROL NUMBER
System control number (OCoLC)1417147675
035 ## - SYSTEM CONTROL NUMBER
System control number (OCoLC)on1417147675
040 ## - CATALOGING SOURCE
Original cataloging agency PABRO
Language of cataloging eng
Description conventions rda
Transcribing agency PABRO
050 #4 - LIBRARY OF CONGRESS CALL NUMBER
Classification number PS3608.U2246
Item number S87 2024
082 04 - DEWEY DECIMAL CLASSIFICATION NUMBER
Classification number 813/.6
Edition number 23
092 ## - LOCALLY ASSIGNED DEWEY CALL NUMBER (OCLC)
Classification number fiction
Item number Huang, Ana
100 1# - MAIN ENTRY--PERSONAL NAME
Personal name Huang, Ana,
Relator term author.
9 (RLIN) 6456212
245 14 - TITLE STATEMENT
Title The striker /
Statement of responsibility, etc Ana Huang.
264 #1 - Production, Publication, Distribution, Manufacture, and Copyright Notice.
Place of production, publication, distribution, manufacture Naperville, Illinois :
Name of producer, publisher, distributor, manufacturer Bloom Books,
Date of production, publication, distribution, manufacture, or copyr [2024]
300 ## - PHYSICAL DESCRIPTION
Extent 577 pages ;
Dimensions 22 cm
336 ## - Content Type
Content type term text
337 ## - Media type
Media type term unmediated
338 ## - Carrier type
Carrier type term volume
490 0# - SERIES STATEMENT
Series statement Gods of the Game ;
Volume number/sequential designation 1
520 ## - SUMMARY, ETC.
Summary, etc She's the only woman he wants...and the only one he can't have. Asher Donovan is a living legend―the darling of the Premier League, the (arguably) greatest footballer in the world. But his reckless antics and recent team transfer have caused much controversy, and when his feud with his rival-turned-teammate costs them a championship, they're forced to "bond" during off-season cross-training. Surviving the summer shouldn't be hard...until Asher meets their new trainer. She's beautiful, talented, and no matter how hard he tries, he can't take his mind off her. The only problem? She's his rival's sister―and completely off limits. Scarlett DuBois is a former prima ballerina whose career was cut short by a tragic accident. Now a teacher at a prestigious dance academy but still haunted by the ghosts of her past, the last thing she wants is to spend the summer cross-training Asher Donovan, of all people. She swore she would never date a footballer, but when her brother leaves town for an emergency, she finds herself thrown into dangerously close proximity with the gorgeous, charming striker. Training, she can deal with. But falling in love? That's out of the question―especially when he's the only person with the power to break her heart.
650 #0 - SUBJECT ADDED ENTRY--TOPICAL TERM
Topical term or geographic name as entry element Soccer players
Form subdivision Fiction.
9 (RLIN) 5730631
650 #0 - SUBJECT ADDED ENTRY--TOPICAL TERM
Topical term or geographic name as entry element Man-woman relationships
Form subdivision Fiction.
9 (RLIN) 5674079
650 #7 - SUBJECT ADDED ENTRY--TOPICAL TERM
Topical term or geographic name as entry element FICTION / Romance / New Adult.
Source of heading or term bisacsh
9 (RLIN) 6407634
650 #7 - SUBJECT ADDED ENTRY--TOPICAL TERM
Topical term or geographic name as entry element FICTION / Romance / Contemporary.
Source of heading or term bisacsh
9 (RLIN) 5679126
650 #7 - SUBJECT ADDED ENTRY--TOPICAL TERM
Topical term or geographic name as entry element FICTION / Romance / Sports.
Source of heading or term bisacsh
9 (RLIN) 6355987
655 #7 - INDEX TERM--GENRE/FORM
Genre/form data or focus term Romance fiction.
Source of term lcgft
942 ## - ADDED ENTRY ELEMENTS (KOHA)
Source of classification or shelving scheme Dewey Decimal Classification
Koha item type BOOK
Holdings
Withdrawn status Lost status Source of classification or shelving scheme Damaged status Not for loan Collection code Home library Current library Shelving location Date acquired Source of acquisition Serial Enumeration / chronology Total Checkouts Total Renewals Full call number Barcode Date last seen Date checked out Cost, replacement price Price effective from Koha item type
    Dewey Decimal Classification     Fiction Wasatch County Library Wasatch County Library First Floor 11/13/2025 Donation #1 Gods of the Game 4 2 F Huang 34301002102111 02/21/2026 01/28/2026 18.99 11/13/2025 BOOK
This project was made possible through a grant from the Institute of Museum and Library Service administered by the Utah State Library Division.

Wasatch County Library

  • 465 East 1200 South, Heber City, Utah 84032
  • Phone 435-654-1511 | Fax 435-654-6456

Hours

  • Monday - Friday 9:30 AM - 8:00 PM
  • Saturday 9:30 AM - 1:30 PM
  • Closed Sundays and Holidays